| 000 | 00701nam a2200217 i 4500 | ||
|---|---|---|---|
| 001 | 134362 | ||
| 003 | ES-MaACL | ||
| 005 | 20230906194646.0 | ||
| 007 | t| | ||
| 008 | 070910s1945 sp ||||1| spa d | ||
| 080 | _a616.72-001 | ||
| 080 | _a616.001-5 | ||
| 100 | 1 |
_aWatson-Jones, Reginald. _9116202 |
|
| 245 | 1 | 0 |
_aFracturas y traumatismos articulares / _cpor Reginald Watson-Jones ; traducción del inglés por F. Doménech-Alsina. |
| 250 | _a1ª ed. | ||
| 260 |
_aBarcelona : _bSalvat, _c1945. |
||
| 300 |
_aXIX, 990 p., 98 lám. : _bil. ; _c26 cm. |
||
| 650 | 1 | 4 |
_aArticulaciones- _xHeridas y lesiones. _910350 |
| 700 | 1 |
_aDoménech-Alsina, F. _945088 |
|
| 852 |
_aES-MaACL _jE-71 _bR.21441 |
||
| 999 |
_c134362 _d134362 |
||